Cálculo y diseño estructural de un edificio.
Shranjeno v:
| Glavni avtor: | |
|---|---|
| Format: | Knjiga |
| Izdano: |
México
1958
|
| Teme: | |
| Oznake: |
Označite
Brez oznak, prvi označite!
|
MARC
| LEADER | 00000nam a2200000Ia 4500 | ||
|---|---|---|---|
| 003 | 000732 | ||
| 005 | 20221231144430.0 | ||
| 008 | 140114s1958 mx a 000 ||s d | ||
| 040 | |c cru CEDI | ||
| 082 | |a 624.17 A283c | ||
| 100 | |a Aguilar González, Rolando |9 18909 | ||
| 245 | |a Cálculo y diseño estructural de un edificio. | ||
| 260 | |c 1958 |a México | ||
| 300 | |a 72 hojas : ilustraciones cuadros (algunas plegables) ; 23 cm | ||
| 500 | |a Tesis (ingeniero civil)--Universidad Nacional Autónoma de México. Escuela Nacional de Ingeniería | ||
| 650 | |x CONSTRUCCION |9 18910 | ||
| 942 | |2 ddc |c BK | ||
| 999 | |c 21808 |d 21808 | ||
